[Event "España tch 1a Division Sur"]
[Site "Burguillos ESP"]
[Date "2007.08.26"]
[Round "6.23"]
[White "Glud, Jakob Vang"]
[Black "Perez Pardo, Juan Carlos"]
[Result "1-0"]
[WhiteElo "2424"]
[BlackElo "2327"]
[PlyCount "39"]
[EventDate "2007.08.22"]
[EventType "team"]
[EventRounds "1"]
[EventCountry "ESP"]
[EventCategory "1"]
[Source "lmi"]
[SourceDate "2007.08.22"]

1. c4 e5 2. g3 Nf6 3. Bg2 c6 4. d4 Bb4+ 5. Bd2 Bxd2+ 6. Qxd2 d6 7. Nc3 O-O 8.
e3 Qe7 9. Nge2 e4 10. Qc2 d5 11. O-O g5 12. cxd5 cxd5 13. f3 exf3 14. Rxf3 Bg4
15. Rxf6 Qxf6 16. Nxd5 Qd6 17. Qc7 Qa6 18. Nec3 Nd7 19. h3 Be6 20. Bf1 1-0

[Event "España tch 1a Division Sur"]
[Site "Burguillos ESP"]
[Date "2007.08.26"]
[Round "6.31"]
[White "Conquest, Stuart C"]
[Black "Razmyslov, Alexander"]
[Result "1-0"]
[WhiteElo "2546"]
[BlackElo "2354"]
[PlyCount "81"]
[EventDate "2007.08.22"]
[EventType "team"]
[EventRounds "1"]
[EventCountry "ESP"]
[EventCategory "1"]
[Source "lmi"]
[SourceDate "2007.08.22"]

1. e4 e6 2. d4 d5 3. e5 c5 4. c3 Qb6 5. Nf3 Nc6 6. a3 Bd7 7. b4 cxd4 8. cxd4
Rc8 9. Be2 a5 10. bxa5 Nxa5 11. Nbd2 Ne7 12. Rb1 Qa7 13. O-O Nc4 14. Qb3 b5 15.
Qd3 Nc6 16. Ra1 Be7 17. Nb3 f6 18. exf6 Bxf6 19. h4 O-O 20. Ng5 g6 21. Nf3 Be8
22. Bh6 Rf7 23. Qd1 Qb6 24. Bd3 e5 25. dxe5 N6xe5 26. Nxe5 Bxe5 27. Rc1 Bb8 28.
Qg4 Bd7 29. Qd4 Qc7 30. g3 Ba7 31. Bf4 Qb7 32. Qa1 Rxf4 33. gxf4 Rf8 34. Be2
Rxf4 35. Qc3 Rxh4 36. Qf6 Re4 37. Bf3 Re5 38. Rxc4 Rf5 39. Qd8+ Kg7 40. Rc7 Qb6
41. Rxd7+ 1-0

[Event "España tch 1a Division Sur"]
[Site "Burguillos ESP"]
[Date "2007.08.26"]
[Round "6.32"]
[White "Garrido Dominguez, Jesus"]
[Black "De La Villa Garcia, Jesus Maria"]
[Result "1/2-1/2"]
[WhiteElo "2309"]
[BlackElo "2457"]
[PlyCount "94"]
[EventDate "2007.08.22"]
[EventType "team"]
[EventRounds "1"]
[EventCountry "ESP"]
[EventCategory "1"]
[Source "lmi"]
[SourceDate "2007.08.22"]

1. e4 e6 2. d4 d5 3. Nd2 h6 4. Ngf3 Nf6 5. Bd3 c5 6. e5 Nfd7 7. c4 cxd4 8. cxd5
Nc5 9. Bb5+ Bd7 10. Bxd7+ Qxd7 11. d6 Qb5 12. a4 Nd3+ 13. Kf1 Qa6 14. Nxd4
Nxe5+ 15. Nb5 Bxd6 16. f4 O-O 17. fxe5 Bxe5 18. Nc4 Nc6 19. Nxe5 Nxe5 20. Qe2
Nc6 21. Kf2 Qb6+ 22. Be3 Qd8 23. Rhd1 Qh4+ 24. Kg1 Rfd8 25. Qf2 Rxd1+ 26. Rxd1
Qxa4 27. Nc3 Qb3 28. Rf1 e5 29. Ne4 Qe6 30. Ng3 b6 31. Nh5 Rd8 32. Qg3 Qg6 33.
Qxg6 fxg6 34. Ng3 Rd3 35. Kf2 Rb3 36. Rb1 Nb4 37. Ke2 Nd3 38. Ra1 Nf4+ 39. Kf3
Nxg2 40. Kxg2 Rxe3 41. Rxa7 Rb3 42. Ra2 Kf7 43. Nf1 Ke6 44. Nd2 Rd3 45. Nf1 Rb3
46. Nd2 Rd3 47. Nf1 Kd6 1/2-1/2

[Event "España tch 1a Division Sur"]
[Site "Burguillos ESP"]
[Date "2007.08.26"]
[Round "6.33"]
[White "Huerga Leache, Mikel"]
[Black "Barrero Garcia, Carlos"]
[Result "1/2-1/2"]
[WhiteElo "2370"]
[BlackElo "2297"]
[PlyCount "105"]
[EventDate "2007.08.22"]
[EventType "team"]
[EventRounds "1"]
[EventCountry "ESP"]
[EventCategory "1"]
[Source "lmi"]
[SourceDate "2007.08.22"]

1. e4 e6 2. d4 d5 3. Nc3 Nf6 4. Bg5 dxe4 5. Nxe4 Be7 6. Bxf6 gxf6 7. Qd3 f5 8.
Nc3 c5 9. d5 Na6 10. O-O-O Nb4 11. Qc4 exd5 12. Nxd5 Nxd5 13. Rxd5 Qa5 14. Qb5+
Qxb5 15. Bxb5+ Kf8 16. Bd7 Bxd7 17. Rxd7 Rd8 18. Rxd8+ Bxd8 19. Ne2 Rg8 20. Rd1
Ke8 21. g3 f4 22. Nxf4 Bg5 23. Re1+ Kd7 24. Re4 Re8 25. Re3 Bxf4 26. gxf4 Re6
27. Rd3+ Rd6 28. Rh3 h6 29. Rh5 b6 30. c3 Rf6 31. f5 Rd6 32. Kc2 Kc6 33. a4 a6
34. Rh3 c4 35. Rh4 b5 36. a5 Kc5 37. Rh5 Rd5 38. b4+ cxb3+ 39. Kxb3 f6 40. Rxh6
Rxf5 41. Rh7 Rxf2 42. Ra7 Rxh2 43. Rxa6 Rf2 44. Re6 Rf3 45. Re4 Rf1 46. Re6 Rf3
47. Re4 Rf1 48. a6 Ra1 49. Re6 f5 50. Kc2 Ra2+ 51. Kd3 Ra3 52. Kc2 b4 53. cxb4+
1/2-1/2

[Event "España tch 1a Division Sur"]
[Site "Burguillos ESP"]
[Date "2007.08.26"]
[Round "6.34"]
[White "Reales Murto, Manuel J"]
[Black "Navarro Cia, Miguel"]
[Result "1-0"]
[WhiteElo "2249"]
[BlackElo "2356"]
[PlyCount "89"]
[EventDate "2007.08.22"]
[EventType "team"]
[EventRounds "1"]
[EventCountry "ESP"]
[EventCategory "1"]
[Source "lmi"]
[SourceDate "2007.08.22"]

1. Nf3 g6 2. g3 Bg7 3. Bg2 f5 4. d4 Nf6 5. c3 O-O 6. Qb3+ Kh8 7. h4 d5 8. Bg5
c6 9. Nbd2 Qe8 10. Ne5 Nbd7 11. Bf4 Ne4 12. Ndf3 Ndf6 13. Nd3 b6 14. Qa3 a5 15.
Nfe5 Ba6 16. f3 Nd6 17. Nf2 Nh5 18. Qb3 Rb8 19. Nh3 h6 20. Kf2 Kh7 21. Rae1 Nc4
22. Qc2 Nxe5 23. Bxe5 Bxe5 24. dxe5 e6 25. f4 Qe7 26. Bf3 Ng7 27. Kg2 c5 28.
Qc1 Bb7 29. h5 Nxh5 30. Bxh5 gxh5 31. Ng1 Qf7 32. Nf3 Rg8 33. Rh3 Rg4 34. Reh1
Rbg8 35. Rxh5 Rxg3+ 36. Kf2 Rg2+ 37. Kf1 Qg6 38. Ng5+ Kg7 39. Rxh6 Qe8 40. Rh7+
Kf8 41. Rxb7 R2xg5 42. fxg5 d4 43. Rhh7 dxc3 44. Qd1 Rxg5 45. Rh8+ 1-0